000
00348nam a2200145Ia 4500
008
230605s2000 xx 000 0 und d
041
_a
eng
100
_a
D.K.
245
_a
Ultimatly Safely in the Hospitality Industry
260
_b
Dorling pub.
_c
2000
300
_a
640p
520
_a
Hard Board
520
_a
Reference Copy
650
_a
Dict.
999
_c
420988
_d
420988